Douglas Macarthur the far eastern general

שמור ב:
מידע ביבליוגרפי
מחבר ראשי: Schaller, Michael
פורמט: ספר
שפה:Undetermined
יצא לאור: New York Oxford University Press 1989
נושאים:
תגים: הוספת תג
אין תגיות, היה/י הראשונ/ה לתייג את הרשומה!
Thư viện lưu trữ: Trung tâm Học liệu Trường Đại học Cần Thơ
LEADER 00628nam a2200217Ia 4500
001 CTU_85799
008 210402s9999 xx 000 0 und d
082 |a 940.54 
082 |b S928 
100 |a Schaller, Michael 
245 0 |a Douglas Macarthur the far eastern general 
245 0 |c Michael Schaller 
260 |a New York 
260 |b Oxford University Press 
260 |c 1989 
650 |a World war,United states,Asia 
650 |x Relations,Relations 
650 |y 1939-1945 
650 |z Campaigns,Pacific ocean,Asia,United states 
904 |i Trúc 
980 |a Trung tâm Học liệu Trường Đại học Cần Thơ